| 000 | 00583cam a2200169 i 4500 | ||
|---|---|---|---|
| 082 | 0 | 0 |
_a363.9 _bBRO _cD |
| 100 | 1 |
_aBrown, Lester R. _94898 |
|
| 245 | 1 | 0 |
_aTwenty-two dimensions of the population problem / _cLester R. Brown, Patricia L. McGrath, Bruce Stokes. |
| 260 |
_aThe world bank Washington, d.c. : _bWorldwatch Institute, _c1976. |
||
| 300 |
_a83 p. : _bgraphs ; _c22 cm. |
||
| 526 |
_a0 _b0 _c0 _d363_900000000000000_BRO |
||
| 650 | 0 |
_aMCE _9379 |
|
| 650 | 0 |
_aPopulation. _93628 |
|
| 700 | 1 |
_aMcGrath, Patricia L., _938218 |
|
| 700 | 1 |
_aStokes, Bruce, _938219 |
|
| 942 |
_2ddc _cBK |
||
| 999 |
_c542861 _d542861 |
||